000 01078cab a2200241 4500
001 ABS44884
008 090401t1991 xxu||||| |||| 00| 0 eng d
035 _a(Sirsi) u49696
041 _aeng
245 _aEstate agency, The new regime
260 _c1991
350 _a0
490 _aEstates Gazette
_v(9126) 6 July 1991, 68-103(4)
520 _aDiscusses the effect which the new regulations conferred under the Estate Agents Act 1979 will have on estate agency practice. Includes Estate Agents (Undesirable Practices) Order 1991 , Estate Agents (Provision of Information) Regulations 1991 and the Property Misdescriptions Act 1991 . Regulations govern practices such as dealing with client, agent`s duties, commission , disclosure of personal interest, discrimination over services and misrepresentation.
650 _aCOMMERCIAL AGENCY
650 _aOFT
650 _aOFT
650 _aPROPERTY MISDESCRIPTIONS ACT 1991
650 _aRESIDENTIAL AGENCY
690 _aMANAGEMENT-BUSINESS MANAGEMENT-PROFESSIONAL PRACTICE
942 _n0
948 _c04/03/1997
999 _c31114
_d31114